000 00734nam a22002297i 4500
999 _c23249
_d23249
003 AR-CdUCM
008 250407b20092009 pe||||| |||| 00| 0 spa d
020 _a978-612-4029-25-7
040 _aMUNICIPALIDAD PROVINCIAL DEL CUSCO
_cBIBLIOTECA MUNICIPAL DEL CUSCO
041 _hspa
082 _aPI / 803.08 / L84P
_bL84P
100 _aLoli, Cesar
_951116
245 _aLa pequeña araña :
_bCántame un cuento /
260 _aLima :
_bEditorial Septiembre,
_c2009
300 _a16 páginas. :
_bIlustraciones
_c19x19 cm.
650 _aLiteratura infantil
_9588
650 _aCuento infantil
_951117
650 _aPrimera infancia
_924660
856 _fwww.editorialseptiembre.com
942 _2ddc
_cLIBROS
945 _apbjr
_d7-04-2025